Statistics for Oscar Best Original Songs Quiz

Click here to take the quiz!

General Stats

  • This quiz has been taken 1,246 times
    (65 since last reset)
  • The average score is 32 of 87

Answer Stats

YearSongMovie% Correct
1992"Beauty and the Beast"Beauty and the Beast
95%
1998"My Heart Will Go On"Titanic
91%
1995"Can You Feel the Love Tonight"The Lion King
90%
2014"Let It Go"Frozen
90%
2019"Shallow"A Star Is Born
88%
1977"Evergreen"A Star Is Born
88%
2013"Skyfall"Skyfall
86%
1990"Under the Sea"The Little Mermaid
86%
1996"Colors of the Wind"Pocahontas
84%
1993"A Whole New World"Aladdin
84%
1981"Fame"Fame
83%
1988"(I've Had) The Time of My Life"Dirty Dancing
83%
1994"Streets of Philadelphia"Philadelphia
81%
1965"Chim Chim Cher-ee"Mary Poppins
79%
1940"Over the Rainbow"The Wizard of Oz
78%
1984"Flashdance... What a Feeling"Flashdance
78%
1987"Take My Breath Away"Top Gun
72%
2003"Lose Yourself"8 Mile
67%
1959"Gigi"Gigi
66%
2017"City of Stars"La La Land
66%
1941"When You Wish upon a Star"Pinocchio
64%
1962"Moon River"Breakfast at Tiffany's
64%
1982"Arthur's Theme (Best That You Can Do)"Arthur
62%
1974"The Way We Were"The Way We Were
60%
2009"Jai Ho"Slumdog Millionaire
55%
2012"Man or Muppet"The Muppets
52%
1968"Talk to the Animals"Doctor Dolittle
52%
1967"Born Free"Born Free
52%
2000"You'll Be in My Heart"Tarzan
52%
1983"Up Where We Belong"An Officer and a Gentleman
50%
2018"Remember Me"Coco
48%
2016"Writing's on the Wall"Spectre
48%
1948"Zip-a-Dee-Doo-Dah"Song of the South
48%
1953"High Noon (Do Not Forsake Me, Oh My Darlin')"High Noon
43%
1970"Raindrops Keep Fallin' on My Head"Butch Cassidy and the Sundance Kid
43%
2015"Glory"Selma
34%
1989"Let the River Run"Working Girl
34%
1999"When You Believe"The Prince of Egypt
34%
1943"White Christmas"Holiday Inn
34%
2011"We Belong Together"Toy Story 3
34%
2004"Into the West"The Lord of the Rings: The Return of the King
33%
2006"It's Hard out Here for a Pimp"Hustle & Flow
29%
2020"(I'm Gonna) Love Me Again"Rocketman
29%
1972"Theme from (movie title)"Shaft
28%
1991"Sooner or Later (I Always Get My Man)"Dick Tracy
28%
1997"You Must Love Me"Evita
28%
1955"Three Coins in the Fountain"Three Coins in the Fountain
26%
2002"If I Didn't Have You"Monsters, Inc.
26%
2008"Falling Slowly"Once
26%
1963"Days of Wine and Roses"Days of Wine and Roses
24%
1986"Say You, Say Me"White Nights
22%
1985"I Just Called to Say I Love You"The Woman in Red
21%
1969"The Windmills of Your Mind"The Thomas Crown Affair
21%
1978"You Light Up My Life"You Light Up My Life
19%
1954"Secret Love"Calamity Jane
17%
1973"The Morning After"The Poseidon Adventure
17%
1975"We May Never Love Like This Again"The Towering Inferno
17%
1956"Love Is a Many Splendored Thing"Love Is a Many-Splendored Thing
17%
1945"Swinging on a Star"Going My Way
16%
2005"Al otro lado del río"The Motorcycle Diaries
16%
1957"Whatever Will Be, Will Be (Qué Será, Será)"The Man Who Knew Too Much
16%
1961"Never on Sunday"Never on Sunday
14%
2021"Fight for You"Judas and the Black Messiah
12%
1980"It Goes Like It Goes"Norma Rae
12%
2010"The Weary Kind"Crazy Heart
12%
1947"On the Atchison, Topeka and the Santa Fe"The Harvey Girls
10%
2001"Things Have Changed"Wonder Boys
10%
1976"I'm Easy"Nashville
10%
2007"I Need to Wake Up"An Inconvenient Truth
10%
1979"Last Dance"Thank God It's Friday
10%
1949"Buttons and Bows"The Paleface
9%
1966"The Shadow of Your Smile"The Sandpiper
7%
1971"For All We Know"Lovers and Other Strangers
7%
1960"High Hopes"A Hole in the Head
7%
1946"It Might as Well Be Spring"State Fair
5%
1937"The Way You Look Tonight"Swing Time
5%
1964"Call Me Irresponsible"Papa's Delicate Condition
5%
1950"Baby, It's Cold Outside"Neptune's Daughter
5%
1936"Lullaby of Broadway"Gold Diggers of 1935
3%
1938"Sweet Leilani"Waikiki Wedding
3%
1958"All the Way"The Joker Is Wild
3%
1951"Mona Lisa"Captain Carey, U.S.A.
3%
1942"The Last Time I Saw Paris"Lady Be Good
2%
1939"Thanks for the Memory"The Big Broadcast of 1938
2%
1944"You'll Never Know"Hello, Frisco, Hello
2%
1952"In the Cool, Cool, Cool of the Evening"Here Comes the Groom
2%
1935"The Continental"The Gay Divorcee
2%

Score Distribution

Percentile by Number Answered

Percent of People with Each Score

Your Score History

You have not taken this quiz since the last reset